000 00995nam a2200265Ia 4500
005 20220317001112.0
008 160825s2007 sp a g 000 0 spa
020 _a97884494196012
082 0 4 _aR 646.4
_bG37m
245 1 0 _aMujer creativa
_bmil ideas de punto y costura
_cdirector Carlos Gispert
250 _a1a. edición
300 _a510 páginas
_c24 cm
_e1 folleto, moldes
500 _aIncluye patrones en folleto adicional
505 _aCorte y confección -- Bordado, ganchillo y tejido a dos agujas -- El cuidado de la indumentaria --- Folleto: Patrón multitalla
650 1 4 _2LEMB
_aCostura
_xManuales
650 1 4 _2LEMB
_aBordados
_xManuales
650 1 4 _2LEMB
_aCorte y confección
_xManuales
650 1 4 _2LEMB
_aLabores de aguja
_xManuales
942 _2ddc
_cREF
264 _aBarcelona
_bOcéano
_c2007
336 _atexto
_btxt
_2rdacontent
337 _asin mediación
_bn
_2rdamedia
338 _avolumen
_bnc
_2rdacarrier
040 _aCO-BoRNBP
_bspa
_erda
_cCO-BoRNBP
999 _c5930
_d5930